Future transport in cities

Αποθηκεύτηκε σε:
Λεπτομέρειες βιβλιογραφικής εγγραφής
Κύριος συγγραφέας: Richards, Brian
Μορφή: Βιβλίο
Γλώσσα:English
Δημοσίευση: London : Spon, 2001
Θέματα:
Ετικέτες: Προσθήκη ετικέτας
Δεν υπάρχουν, Καταχωρήστε ετικέτα πρώτοι!

MARC

LEADER 00000nam a2200000 i 4500
001 1/71875
008 050221s2001 eng d
020 |a 0-415-26142-2 (pbk) 
020 |a 0-415-26141-4 (hbk) 
035 |l 10076659 
040 |a GR-MY-UA  |b gre  |e aacr 
041 0 |a eng 
082 0 |a 388.4  |2 (21η έκδ.) 
100 1 |a Richards, Brian. 
245 1 0 |a Future transport in cities /  |c Brian Richards 
260 |a London :   |b Spon,   |c 2001 
300 |a 162 σ.;  |b εικ.;  |c 21 εκ. 
504 |a Περιέχει βιοβλιογραφικές παραπομπές και ευρετήριο 
650 0 0 |a Local transit  |x Case studies. 
650 0 0 |a City planning  |x Case studies. 
852 |a INST  |b LESVOS  |e 20050221  |h 388.4 RIC  |p 005100030243  |q 005100030243  |t BK  |y 0 
901 |a BIBL1-2005-1 
909 |a Λ  |b 115246 
920 |a ΔΙΕΥΡΥΝΣΗ  |b ΕΠΕΑΕΚ/ΤΚ  |y ΛΕΣΒΟΣ  |z 2004-10 
970 |a ΜΑΡΙΝΑΤΟΥ  |b ΜΥΡΣΙΝΗ  |z 2005/02/21